header

Toward perpetual peace and other writings on politics, peace, and history (Record no. 247066)

MARC details
000 -LEADER
fixed length control field 01972nam a22004934a 4500
082 04 - DEWEY DECIMAL CLASSIFICATION NUMBER
Classification number 303.6/6
100 1# - MAIN ENTRY--AUTHOR NAME
Personal name Kant, Immanuel,
245 10 - TITLE STATEMENT
Title Toward perpetual peace and other writings on politics, peace, and history
260 ## - PUBLICATION, DISTRIBUTION, ETC. (IMPRINT)
Place of publication New Haven :
Name of publisher Yale University Press,
Year of publication c2006.
300 ## - PHYSICAL DESCRIPTION
Number of Pages xxiv, 265 p.
490 1# - SERIES STATEMENT
Series statement Rethinking the Western tradition
500 ## - GENERAL NOTE
General note Translated from the German.
650 #0 - SUBJECT ADDED ENTRY--TOPICAL TERM
Topical Term Peace.
Topical Term Political science
700 1# - ADDED ENTRY--PERSONAL NAME
Personal name Kleingeld, Pauline.
Personal name Waldron, Jeremy.
Personal name Doyle, Michael W.,
Personal name Wood, Allen W.
856 40 - ELECTRONIC LOCATION AND ACCESS
Uniform Resource Identifier http://site.ebrary.com/lib/rucke/Doc?id=10169960

No items available.

© 2026 Rongo University
Contact us: librarian | system librarian | Rongo university